| 000 | 00559nam a22001817a 4500 | ||
|---|---|---|---|
| 003 | 0 | ||
| 005 | 20241114134613.0 | ||
| 008 | 241114b xxu||||| |||| 00| 0 eng d | ||
| 020 | _a9798891612259 | ||
| 050 |
_aQA 564 _b.C43 2024 |
||
| 100 |
_aChandler, Jabari, _eauthor. |
||
| 245 |
_aIntroduction to algebraic geometry / _cJabari Chandler. |
||
| 260 |
_aJersey City, USA : _bAlexis Press, _c2024. |
||
| 300 |
_aviii, 267 p. : _bill. ; _c24 cm. |
||
| 504 | _aIncludes bibliographical references and index. | ||
| 650 | _aGeometry, algebraic. | ||
| 942 |
_2lcc _cBK |
||
| 999 |
_c366717 _d366717 |
||